"Q"から始まる英単語 - Statistics

General Stats
  • This quiz has been taken 404 times
  • The average score is 9 of 68
Answer Stats
Answer % Correct
question
78%
quiz
67%
queen
64%
quit
49%
quick
48%
qual
47%
quality
45%
quan
40%
queue
37%
quiet
37%
quantity
34%
quart
34%
quote
33%
quarter
30%
quickly
26%
quite
26%
queer
23%
qualify
20%
quota
17%
quotation
13%
quack
12%
quietly
12%
quantum
11%
quartz
10%
questionnaire
10%
qualification
9%
quintet
8%
quake
7%
qualified
7%
quarrel
7%
quantitative
6%
quartet
5%
quell
5%
quicken
5%
quadruple
4%
qualifier
4%
qualitative
4%
quarantine
4%
quark
4%
quadratic
3%
quay
3%
quadrillion
2%
quail
2%
quasar
2%
quash
2%
quasi
2%
questionable
2%
quickness
2%
quirk
2%
quiver
2%
quackery
1%
quadrate
1%
quaff
1%
quahog
1%
quaint
1%
quaint
1%
qualm
1%
quandary
1%
quantification
1%
quibble
1%
quirky
1%
quadrangle
0%
quadrangler
0%
quadruplet
0%
quagmire
0%
quake proof
0%
quiescence
0%
quiescent
0%
No matching quizzes found
Score Distribution
Percent of People with Each Score
Percentile by Number Answered
Your Score History
You have not taken this quiz